[Event "2nd EUR-ch (w)"]
[Site "Warsaw POL"]
[Date "2001.05.02"]
[Round "10.50"]
[White "Heymann, Ulrike"]
[Black "Lopatskaya, Elena"]
[Result "1-0"]
[WhiteElo "2188"]
[BlackElo "2323"]
[EventDate "2001.04.21"]
[PlyCount "77"]

1.e4 d6 2.d4 Nf6 3.Nc3 g6 4.f4 Bg7 5.Nf3 c5 6.Bb5+ Bd7 7.Bxd7+ Nfxd7 8.d5 
b5 9.Nxb5 Qa5+ 10.Nc3 Bxc3+ 11.bxc3 Qxc3+ 12.Bd2 Qc4 13.Qe2 Qxe2+ 14.Kxe2 
Nf6 15.Kd3 Nbd7 16.Rhb1 O-O 17.c4 Rab8 18.Ba5 Rfc8 19.Nd2 Nh5 20.g3 f5 21.
Rb3 Rxb3+ 22.axb3 Nhf6 23.Bc3 Rc7 24.e5 dxe5 25.fxe5 Ng4 26.e6 Ndf6 27.Ke2
Ne8 28.h3 Ngf6 29.Ra6 Rb7 30.Be5 Ne4 31.Nxe4 fxe4 32.Ra3 Nd6 33.Bxd6 exd6 
34.Ke3 Kg7 35.Kxe4 Kf6 36.h4 h6 37.Ra1 Rxb3 38.Rxa7 g5 39.h5 1-0

[Event "2nd EUR-ch (w)"]
[Site "Warsaw POL"]
[Date "2001.05.02"]
[Round "10.52"]
[White "Toma, Katarzyna"]
[Black "Javakhishvili, Lela"]
[Result "1/2-1/2"]
[WhiteElo "2101"]
[BlackElo "2305"]
[EventDate "2001.04.21"]
[PlyCount "80"]

1.e4 c5 2.Nf3 Nc6 3.d4 cxd4 4.Nxd4 Qc7 5.Nc3 e6 6.Be3 a6 7.Bd3 Nf6 8.O-O 
Ne5 9.h3 d6 10.f4 Ng6 11.Qf3 Be7 12.Rae1 O-O 13.Kh1 Re8 14.g4 e5 15.Nf5 
exf4 16.Bxf4 Bxf5 17.gxf5 Nxf4 18.Qxf4 Bf8 19.Rg1 Qe7 20.Re2 Qe5 21.Qh4 
Rac8 22.Reg2 Kh8 23.Rf2 b5 24.a3 Rb8 25.Qf4 a5 26.Qxe5 Rxe5 27.Rf4 Be7 28.
Ne2 b4 29.Nd4 Rc5 30.Nb3 Re5 31.a4 Bd8 32.Nd2 Bc7 33.Rf3 Nd7 34.Nc4 Ree8 
35.b3 Nf6 36.Nd2 Bb6 37.Rd1 Bc5 38.Kg2 Ra8 39.Kh1 h6 40.Bc4 Ra7 1/2-1/2

[Event "2nd EUR-ch (w)"]
[Site "Warsaw POL"]
[Date "2001.05.02"]
[Round "10.55"]
[White "Morkunaite, Egle"]
[Black "Baklanova, Tatiana"]
[Result "1-0"]
[WhiteElo "2028"]
[BlackElo "2257"]
[EventDate "2001.04.21"]
[PlyCount "129"]

1.e4 e6 2.d4 d5 3.Nd2 Nf6 4.e5 Nfd7 5.Bd3 c5 6.c3 Nc6 7.Ne2 cxd4 8.cxd4 f6
9.exf6 Nxf6 10.Nf3 Bd6 11.O-O Qc7 12.Bg5 O-O 13.Rc1 Ne4 14.Bxe4 dxe4 15.
Nd2 Bxh2+ 16.Kh1 Qa5 17.Nxe4 Bc7 18.Rc5 Qxa2 19.Bc1 Qa6 20.Rh5 e5 21.Qb3+ 
Kh8 22.Ng5 Bf5 23.Nxh7 g6 24.Rh4 g5 25.Nxg5+ Kg7 26.Ne6+ Bxe6 27.Qxe6 Rh8 
28.Bh6+ Rxh6 29.Rxh6 Ne7 30.Qxa6 bxa6 31.Rxa6 exd4 32.Ng3 Bb6 33.Re1 Nd5 
34.Re5 Nb4 35.Ra4 Nd3 36.Re2 Rf8 37.Ne4 Re8 38.f3 Rh8+ 39.Kg1 Nf4 40.Rd2 
d3+ 41.Nf2 Ne2+ 42.Rxe2 dxe2 43.Re4 Rb8 44.Rxe2 Bd4 45.Rd2 Be3 46.Rd7+ Kg6
47.Rd3 Bxf2+ 48.Kxf2 Rxb2+ 49.Kg3 Ra2 50.Kh3 Kg5 51.g3 a5 52.Rd5+ Kf6 53.
Kg4 a4 54.f4 a3 55.Ra5 Ra1 56.Ra6+ Ke7 57.Kf5 a2 58.g4 Ke8 59.Ra7 Kd8 60.
g5 Kc8 61.g6 Kb8 62.Ra3 Kc7 63.g7 Rg1 64.Rxa2 Kd6 65.Kf6 1-0

[Event "2nd EUR-ch (w)"]
[Site "Warsaw POL"]
[Date "2001.05.02"]
[Round "10.56"]
[White "Khmiadashvili, Tamara"]
[Black "Tetenkina, Irina"]
[Result "1-0"]
[WhiteElo "2241"]
[BlackElo "2221"]
[EventDate "2001.04.21"]
[PlyCount "41"]

1.f4 c5 2.Nf3 Nc6 3.b3 Nf6 4.e3 d6 5.Bb2 e6 6.Bb5 Bd7 7.O-O Be7 8.a3 a6 9.
Bd3 Qc7 10.e4 e5 11.fxe5 dxe5 12.c4 O-O 13.Nc3 Nd4 14.Nd5 Nxd5 15.cxd5 Bg4
16.Be2 Bxf3 17.Bxf3 Qb6 18.Kh1 Qxb3 19.Qb1 b5 20.Bd1 Qc4 21.d3 1-0

[Event "2nd EUR-ch (w)"]
[Site "Warsaw POL"]
[Date "2001.05.02"]
[Round "10.59"]
[White "Grabics, Monika"]
[Black "Kadziolka, Beata"]
[Result "1-0"]
[WhiteElo "2354"]
[BlackElo "2164"]
[EventDate "2001.04.21"]
[PlyCount "85"]

1.e4 c5 2.Nf3 d6 3.d4 cxd4 4.Nxd4 Nf6 5.Nc3 a6 6.Be3 e5 7.Nb3 Be6 8.f3 Be7
9.Qd2 O-O 10.O-O-O a5 11.Bb5 Nbd7 12.Kb1 Ne8 13.g4 Nc7 14.a4 Nxb5 15.Nxb5 
Ra6 16.Qf2 Qc8 17.Nc1 Bc4 18.Na2 Bxb5 19.axb5 Ra8 20.Nc3 Re8 21.Nd5 Bd8 
22.Qe2 a4 23.c4 Nc5 24.Ka2 Ne6 25.h4 Ba5 26.g5 Nd4 27.Bxd4 exd4 28.Rxd4 
Qc5 29.Rhd1 Rac8 30.f4 Re6 31.f5 Re5 32.f6 Rce8 33.fxg7 Kxg7 34.Nf6 Rd8 
35.Qh5 Kf8 36.Nxh7+ Ke8 37.Nf6+ Kf8 38.Qh6+ Ke7 39.Nd5+ Ke8 40.g6 fxg6 41.
Qxg6+ Kd7 42.Qg4+ Ke8 43.h5 1-0

[Event "2nd EUR-ch (w)"]
[Site "Warsaw POL"]
[Date "2001.05.02"]
[Round "10.62"]
[White "Hagesather, Ellen"]
[Black "Costagliola, Marina"]
[Result "0-1"]
[WhiteElo "2093"]
[BlackElo "2254"]
[EventDate "2001.04.21"]
[PlyCount "110"]

1.Nf3 f5 2.g3 Nf6 3.Bg2 d5 4.d3 c5 5.O-O Nc6 6.Nbd2 e5 7.c4 d4 8.a3 Be7 9.
b4 Qc7 10.bxc5 Bxc5 11.Nb3 Be7 12.e3 dxe3 13.fxe3 O-O 14.Bb2 Ng4 15.Re1 f4
16.exf4 exf4 17.gxf4 Qxf4 18.Re4 Qc7 19.d4 Bd6 20.Ne5 Nf2 21.Qh5 Bxe5 22.
Rh4 Bf5 23.Rf1 Bf6 24.Rxf2 Bxh4 25.Qxh4 Bg6 26.d5 Rxf2 27.Qxf2 Ne7 28.Bh3 
Bf7 29.Qd4 Qb6 30.Nc5 Qg6+ 31.Kh1 Qb1+ 32.Kg2 Qg6+ 33.Kh1 Rf8 34.Ne4 Be8 
35.Be6+ Kh8 36.Ng3 Qb1+ 37.Kg2 Qc2+ 38.Kh3 Qg6 39.Kg2 b6 40.Bc3 Bf7 41.
Bxf7 Qxf7 42.d6 Nc6 43.Qe4 Nd8 44.h4 Ne6 45.Qe3 Nf4+ 46.Kh2 Qxc4 47.Qe5 
Qa2+ 48.Bb2 Qf7 49.Qe7 Ng6 50.Qxf7 Rxf7 51.h5 Rf2+ 52.Kh3 Rxb2 53.hxg6 Rd2
54.Ne4 Rd4 55.Ng5 hxg6 0-1

[Event "2nd EUR-ch (w)"]
[Site "Warsaw POL"]
[Date "2001.05.02"]
[Round "10.63"]
[White "Chmielinska, Alicja"]
[Black "Sasu-Ducsoara, Andreea"]
[Result "0-1"]
[WhiteElo "2047"]
[BlackElo "2240"]
[EventDate "2001.04.21"]
[PlyCount "46"]

1.e4 c5 2.Nf3 d6 3.d4 cxd4 4.Nxd4 Nf6 5.Nc3 a6 6.Be3 Ng4 7.Bg5 h6 8.Bh4 g5
9.Be2 Ne5 10.Bg3 Nbc6 11.Nb3 Be6 12.Nd5 Bg7 13.O-O Ng6 14.c3 Be5 15.Bxe5 
Ncxe5 16.Nd4 Bxd5 17.exd5 Qa5 18.c4 Rc8 19.b3 Qc5 20.Bg4 Rb8 21.Bf5 Nf4 
22.g3 Qxd4 23.gxf4 Qxf4 0-1

[Event "2nd EUR-ch (w)"]
[Site "Warsaw POL"]
[Date "2001.05.02"]
[Round "10.64"]
[White "Pokojska, Daria"]
[Black "Grosar, Kiti"]
[Result "1-0"]
[WhiteElo "2037"]
[BlackElo "2244"]
[EventDate "2001.04.21"]
[PlyCount "73"]

1.c4 e5 2.Nc3 Nf6 3.g3 d5 4.cxd5 Nxd5 5.Bg2 Nb6 6.Nf3 Nc6 7.O-O Be7 8.d3 
h5 9.h4 f6 10.d4 exd4 11.Nb5 Bg4 12.Nfxd4 Nxd4 13.Nxd4 c6 14.Be4 g5 15.
Bg6+ Kf8 16.Qb3 Qd5 17.Qxd5 Nxd5 18.e4 Nb4 19.hxg5 fxg5 20.f4 Bh3 21.Rf2 
Nd3 22.Rh2 Bg4 23.Be3 gxf4 24.gxf4 Nc5 25.Nf5 Nd7 26.Nxe7 Kxe7 27.Bd4 Rhg8
28.f5 c5 29.Be3 Kf6 30.Rd2 Rad8 31.Rd6+ Ke7 32.Re6+ Kf8 33.Bh6+ Rg7 34.
Bxg7+ Kxg7 35.Rd6 Kf8 36.e5 Ke7 37.f6+ 1-0

[Event "2nd EUR-ch (w)"]
[Site "Warsaw POL"]
[Date "2001.05.02"]
[Round "10.68"]
[White "Ornstein, Petra"]
[Black "Hernandez Estevez, Yudania"]
[Result "0-1"]
[WhiteElo "2035"]
[BlackElo "2265"]
[EventDate "2001.04.21"]
[PlyCount "64"]

1.e4 e5 2.Nf3 Nf6 3.Nc3 Nc6 4.g3 Nd4 5.Bg2 Nxf3+ 6.Bxf3 Bc5 7.d3 h6 8.Qe2 
c6 9.Bd2 b5 10.a4 b4 11.Nd1 O-O 12.g4 d5 13.g5 dxe4 14.dxe4 a5 15.gxf6 Ba6
16.fxg7 Re8 17.Ne3 Bxe2 18.Bxe2 Bxe3 19.Bxe3 Re6 20.Bd2 Qd4 21.O-O-O Qxe4 
22.Bd3 Qh4 23.f3 Rd8 24.Rdg1 Qf2 25.Rg3 Red6 26.Rhg1 Rxd3 27.cxd3 Qc5+ 28.
Kb1 Qd4 29.Bxh6 Qxd3+ 30.Ka1 Qc2 31.R3g2 Qxa4+ 32.Kb1 b3 0-1

[Event "2nd EUR-ch (w)"]
[Site "Warsaw POL"]
[Date "2001.05.02"]
[Round "10.69"]
[White "Kludacz, Magdalena"]
[Black "Guzik, Jolanta"]
[Result "1-0"]
[WhiteElo "2203"]
[BlackElo "2111"]
[EventDate "2001.04.21"]
[PlyCount "104"]

1.d4 d5 2.c4 e6 3.Nc3 Nf6 4.cxd5 exd5 5.Bg5 c6 6.Qc2 Be7 7.Nf3 Nbd7 8.e3 
O-O 9.Bd3 Re8 10.O-O Nf8 11.Bxf6 Bxf6 12.b4 Bg4 13.Nd2 a6 14.a4 g6 15.b5 
cxb5 16.axb5 a5 17.Rfc1 b6 18.Qa2 Be6 19.Na4 Rc8 20.Rxc8 Bxc8 21.Rc1 Bb7 
22.Nb1 Ne6 23.Nbc3 Qd6 24.Bf1 h5 25.g3 h4 26.Bg2 Rd8 27.Nb1 hxg3 28.hxg3 
Be7 29.Nd2 Rd7 30.Nf3 Rc7 31.Rc3 Qb4 32.Qc2 Bd6 33.Bf1 Rxc3 34.Nxc3 Nc7 
35.Nd2 Bf8 36.Na2 Qd6 37.Nc3 Bh6 38.Nf3 Bg7 39.Na4 Bf6 40.Nb2 Qd7 41.Qb3 
Qd6 42.Na4 Ne6 43.Qc3 Bd8 44.Ne5 Ng5 45.Qc2 Kg7 46.Bg2 Ne6 47.f4 Nc7 48.
Bf1 Ne8 49.g4 Nf6 50.g5 Ne4 51.Bd3 Qb4 52.Nf3 Qe7 1-0

[Event "2nd EUR-ch (w)"]
[Site "Warsaw POL"]
[Date "2001.05.02"]
[Round "10.70"]
[White "Ciuksyte, Zivile"]
[Black "Tallova, Ivana"]
[Result "0-1"]
[WhiteElo "2150"]
[BlackElo "2108"]
[EventDate "2001.04.21"]
[PlyCount "88"]

1.e4 e5 2.Nf3 Nc6 3.d4 exd4 4.Bc4 Nf6 5.e5 d5 6.Bb5 Ne4 7.Nxd4 Bd7 8.Bxc6 
bxc6 9.O-O Bc5 10.Be3 O-O 11.f3 Ng5 12.f4 Ne4 13.Nd2 Nxd2 14.Qxd2 Qe7 15.
Nb3 Bb6 16.Qc3 f6 17.a4 fxe5 18.fxe5 Bxe3+ 19.Qxe3 Bf5 20.Nd4 Be4 21.Nxc6 
Qe6 22.Qc5 Rxf1+ 23.Rxf1 Re8 24.h3 a6 25.b4 h6 26.Rf2 Kh7 27.c3 Qg6 28.a5 
Qg5 29.b5 Re6 30.b6 cxb6 31.axb6 Qc1+ 32.Kh2 Qb1 33.Nb4 Re8 34.b7 d4 35.
Qc8 Qe1 36.Nd3 Bxd3 37.Qxe8 Qxf2 38.Qc6 Qf4+ 39.Kh1 Be4 40.Qc4 d3 41.Qxd3 
Bxd3 42.b8=Q Be4 43.Qb2 Qxe5 44.Kg1 a5 0-1

[Event "2nd EUR-ch (w)"]
[Site "Warsaw POL"]
[Date "2001.05.02"]
[Round "10.71"]
[White "Baskite, Viktoria"]
[Black "Rantanen, Tanja"]
[Result "1/2-1/2"]
[WhiteElo "2073"]
[BlackElo "2149"]
[EventDate "2001.04.21"]
[PlyCount "32"]

1.e4 c5 2.Nf3 Nc6 3.d4 cxd4 4.Nxd4 Nf6 5.Nc3 Qb6 6.Nb3 e6 7.Be3 Qc7 8.f3 
Bb4 9.Qd2 d5 10.exd5 Nxd5 11.a3 Bxc3 12.bxc3 Qe5 13.Kf2 Qxc3 14.Qxc3 Nxc3 
15.Nd4 Bd7 16.Nxc6 Bxc6 1/2-1/2

[Event "2nd EUR-ch (w)"]
[Site "Warsaw POL"]
[Date "2001.05.02"]
[Round "10.72"]
[White "Reszka, Malgorzata"]
[Black "Apanaviciute, Kristina"]
[Result "1/2-1/2"]
[WhiteElo "2119"]
[BlackElo "2019"]
[EventDate "2001.04.21"]
[PlyCount "49"]

1.d4 Nf6 2.Nf3 e6 3.Bf4 c5 4.e3 cxd4 5.exd4 Nc6 6.c3 Be7 7.h3 b6 8.Bd3 Bb7
9.O-O O-O 10.Nbd2 d6 11.Re1 e5 12.Be3 Nd5 13.Nf1 Nxe3 14.fxe3 f5 15.d5 Nb8
16.Bc2 e4 17.N3h2 Nd7 18.Re2 Ba6 19.Rf2 Ne5 20.g4 Bh4 21.Rg2 fxg4 22.Bxe4 
gxh3 23.Qh5 g6 24.Bxg6 hxg6 25.Rxg6+ 1/2-1/2

[Event "2nd EUR-ch (w)"]
[Site "Warsaw POL"]
[Date "2001.05.02"]
[Round "10.73"]
[White "Szymanowska, Karolina"]
[Black "Zawadzka, Magdalena"]
[Result "1/2-1/2"]
[WhiteElo "2130"]
[BlackElo "2050"]
[EventDate "2001.04.21"]
[PlyCount "26"]

1.e4 e5 2.Nf3 Nc6 3.Bb5 a6 4.Ba4 d6 5.d4 b5 6.Bb3 Nxd4 7.Nxd4 exd4 8.Bd5 
Rb8 9.Qxd4 Nf6 10.Bg5 Be7 11.Bc6+ Bd7 12.Bxd7+ Qxd7 13.O-O O-O 1/2-1/2

[Event "2nd EUR-ch (w)"]
[Site "Warsaw POL"]
[Date "2001.05.02"]
[Round "10.76"]
[White "Grigoryan, Meri"]
[Black "Jiretorn, Eva"]
[Result "1-0"]
[WhiteElo "2052"]
[BlackElo "2106"]
[EventDate "2001.04.21"]
[PlyCount "69"]

1.e4 c5 2.f4 Nc6 3.Nf3 e6 4.Bb5 Nge7 5.Nc3 Nd4 6.Nxd4 cxd4 7.Ne2 Qb6 8.Bd3
Nc6 9.c3 Be7 10.Qa4 dxc3 11.bxc3 O-O 12.Rb1 Qa5 13.Qc2 a6 14.O-O g6 15.Ng3
f5 16.exf5 gxf5 17.Nh5 Bc5+ 18.Kh1 Qd8 19.Bb2 b5 20.Rf3 Rf7 21.Rg3+ Kf8 
22.c4 b4 23.Bg7+ Rxg7 24.Rxg7 Bb7 25.Rxh7 Qh4 26.Qd1 Rd8 27.Qe1 Bf2 28.Qf1
Bd4 29.Be2 Kg8 30.Rh6 Kf7 31.Rb3 Rg8 32.Rh7+ Ke8 33.Ng7+ Rxg7 34.Rxh4 Na5 
35.Rg3 1-0

[Event "2nd EUR-ch (w)"]
[Site "Warsaw POL"]
[Date "2001.05.03"]
[Round "11.1"]
[White "Kovalevskaya, Ekaterina"]
[Black "Skripchenko-Lautier, Almira"]
[Result "1/2-1/2"]
[WhiteElo "2506"]
[BlackElo "2441"]
[EventDate "2001.04.21"]
[PlyCount "48"]

1.e4 c5 2.Nf3 e6 3.c4 Nc6 4.Nc3 e5 5.d3 d6 6.Be2 Be7 7.O-O f5 8.exf5 Bxf5 
9.Ne1 Nf6 10.f4 Qd7 11.Nc2 exf4 12.Bxf4 O-O 13.Nb5 Bg6 14.a3 Rad8 15.Ne3 
d5 16.Nc7 dxc4 17.dxc4 Nd4 18.Ncd5 Nxd5 19.Nxd5 Bc2 20.Qe1 Rde8 21.Bh5 Bg6
22.Bxg6 hxg6 23.Qd1 Bf6 24.Be3 b6 1/2-1/2

[Event "2nd EUR-ch (w)"]
[Site "Warsaw POL"]
[Date "2001.05.03"]
[Round "11.3"]
[White "Gaponenko, Inna"]
[Black "Galliamova, Alisa"]
[Result "0-1"]
[WhiteElo "2373"]
[BlackElo "2554"]
[EventDate "2001.04.21"]
[PlyCount "156"]

1.e4 c5 2.Nf3 e6 3.d4 cxd4 4.Nxd4 Nf6 5.Nc3 d6 6.Be3 a6 7.Qd2 b5 8.f3 Bb7 
9.g4 Nfd7 10.Qf2 b4 11.Nce2 d5 12.exd5 Bxd5 13.Nf4 Bb7 14.Nd3 Nf6 15.Rg1 
Nd5 16.O-O-O Nd7 17.g5 N7b6 18.Rg4 Rc8 19.Kb1 Nc4 20.Bc1 Qb6 21.Qe1 Bd6 
22.h4 O-O 23.h5 e5 24.Nf5 e4 25.fxe4 Na3+ 26.bxa3 bxa3+ 27.Ka1 Nb4 28.Rg2 
Nxc2+ 29.Rxc2 Rxc2 30.Nxd6 Qxd6 31.Qb4 Qe6 32.Qxa3 Bxe4 33.Nb4 Rb8 34.Nxc2
Bxc2 35.Qb2 Qc8 36.Bxa6 Rxb2 37.Kxb2 Qe8 38.Rd4 Bf5 39.Bf4 h6 40.gxh6 gxh6
41.a4 Qc6 42.Bc4 Kh7 43.Bb3 Qg2+ 44.Bd2 Qh1 45.Bc3 Qxh5 46.a5 Qe2+ 47.Rd2 
Qa6 48.Ka3 Qc6 49.Kb4 h5 50.Rd8 Qb7+ 51.Ka4 Qe4+ 52.Kb5 Qb7+ 53.Ka4 Qe4+ 
54.Kb5 Qe7 55.Rh8+ Kg6 56.Rg8+ Kh6 57.Rh8+ Kg5 58.Rg8+ Kh4 59.Bd5 Bd3+ 60.
Kc6 Ba6 61.Kb6 Bf1 62.Kc6 Kh3 63.Rg7 Qe3 64.Bf6 Qc1+ 65.Kb6 Qb1+ 66.Kc7 
Qf5 67.Rxf7 Qxd5 68.Rg7 Qxa5+ 69.Kd6 Qf5 70.Be5 Be2 71.Rg3+ Kh4 72.Rg1 
Qf8+ 73.Kd5 Bf3+ 74.Ke6 Bg4+ 75.Kd5 Qa8+ 76.Kc4 Qa4+ 77.Kc3 Qa5+ 78.Kd4 
Qb6+ 0-1

[Event "2nd EUR-ch (w)"]
[Site "Warsaw POL"]
[Date "2001.05.03"]
[Round "11.6"]
[White "Sikorova, Olga"]
[Black "Stepovaya-Dianchenko, Tatiana"]
[Result "0-1"]
[WhiteElo "2236"]
[BlackElo "2440"]
[EventDate "2001.04.21"]
[PlyCount "60"]

1.e4 c5 2.Nf3 e6 3.b3 Nf6 4.e5 Nd5 5.Bb2 Nc6 6.c4 Nde7 7.Nc3 Nf5 8.Bd3 
Nfd4 9.Nb5 Nxb5 10.cxb5 Nb4 11.Bc4 d5 12.exd6 Bxd6 13.a3 Nd5 14.Bxd5 exd5 
15.Qe2+ Kf8 16.O-O d4 17.b4 b6 18.a4 Bb7 19.Rfe1 h5 20.bxc5 bxc5 21.Ba3 
Rh6 22.Rac1 Rc8 23.Qd3 Qf6 24.Kf1 Qf4 25.a5 Rg6 26.h3 Rxg2 27.Kxg2 Qh2+ 
28.Kf1 Qxh3+ 29.Ke2 Bxf3+ 30.Qxf3 Re8+ 0-1

[Event "2nd EUR-ch (w)"]
[Site "Warsaw POL"]
[Date "2001.05.03"]
[Round "11.7"]
[White "Arakhamia-Grant, Ketevan"]
[Black "Peng Zhaoqin"]
[Result "1-0"]
[WhiteElo "2427"]
[BlackElo "2391"]
[EventDate "2001.04.21"]
[PlyCount "69"]

1.e4 c5 2.Nf3 d6 3.d4 cxd4 4.Nxd4 Nf6 5.Nc3 a6 6.f4 g6 7.Nf3 Bg7 8.a4 O-O 
9.Bd3 Nbd7 10.O-O Nc5 11.Kh1 b6 12.Qe2 Bb7 13.Bd2 d5 14.e5 Nfe4 15.Be1 Qd7
16.b4 Nxc3 17.Bxc3 Nxa4 18.Bd4 b5 19.f5 gxf5 20.Nh4 e6 21.Bxf5 Rfc8 22.Qh5
h6 23.Bh7+ Kf8 24.Bg6 Rc7 25.Rxf7+ Qxf7 26.Bxf7 Rxf7 27.Be3 Ke7 28.Bxh6 
Bxh6 29.Qxh6 Nc3 30.Qe3 Na4 31.Ng6+ Kd7 32.h4 Rg8 33.h5 Kc7 34.Kg1 Kb8 35.
Rf1 1-0

[Event "2nd EUR-ch (w)"]
[Site "Warsaw POL"]
[Date "2001.05.03"]
[Round "11.11"]
[White "Matveeva, Svetlana"]
[Black "Lagvilava, Genrieta"]
[Result "1/2-1/2"]
[WhiteElo "2430"]
[BlackElo "2300"]
[EventDate "2001.04.21"]
[PlyCount "27"]

1.d4 f5 2.Bf4 Nf6 3.e3 g6 4.h4 h6 5.Nf3 d6 6.Bc4 e6 7.Nc3 Bg7 8.Qe2 Qe7 9.
e4 fxe4 10.Nxe4 Nh5 11.Bh2 Nc6 12.Bb5 a6 13.Bxc6+ bxc6 14.Nc3 1/2-1/2

[Event "2nd EUR-ch (w)"]
[Site "Warsaw POL"]
[Date "2001.05.03"]
[Round "11.13"]
[White "Hunt, Harriet"]
[Black "Dzagnidze, Nana"]
[Result "1/2-1/2"]
[WhiteElo "2426"]
[BlackElo "2241"]
[EventDate "2001.04.21"]
[PlyCount "59"]

1.e4 c5 2.Nf3 d6 3.d4 cxd4 4.Nxd4 Nf6 5.Nc3 a6 6.Be2 e5 7.Nb3 Be7 8.O-O 
Be6 9.f4 Qc7 10.Kh1 O-O 11.f5 Bc4 12.g4 d5 13.g5 Nxe4 14.Nxe4 dxe4 15.Bxc4
Qxc4 16.f6 Bd8 17.fxg7 Kxg7 18.Be3 Nc6 19.c3 Be7 20.Qg4 Rad8 21.Nd2 Qe6 
22.Qxe6 fxe6 23.Nxe4 Rd3 24.Bc5 Rf4 25.Bxe7 Rxe4 26.Bf8+ Kg6 27.Rf6+ Kxg5 
28.Rf7 h5 29.Rxb7 Re2 30.Rc7 1/2-1/2

[Event "2nd EUR-ch (w)"]
[Site "Warsaw POL"]
[Date "2001.05.03"]
[Round "11.15"]
[White "Alexandrova, Olga"]
[Black "Calzetta Ruiz, Monica"]
[Result "1-0"]
[WhiteElo "2419"]
[BlackElo "2310"]
[EventDate "2001.04.21"]
[PlyCount "71"]

1.d4 Nf6 2.c4 c5 3.d5 b5 4.Nf3 e6 5.Bg5 exd5 6.cxd5 Qa5+ 7.Nc3 Ne4 8.Bd2 
Nxd2 9.Nxd2 d6 10.e4 a6 11.a4 b4 12.Nc4 Qd8 13.Nb1 Be7 14.Bd3 a5 15.O-O 
Nd7 16.f4 Ba6 17.Nbd2 O-O 18.Qe2 Re8 19.e5 Nf8 20.Ne4 dxe5 21.d6 Bh4 22.
fxe5 Bxc4 23.Bxc4 Rxe5 24.Rxf7 Kh8 25.Qg4 Ng6 26.Raf1 Rb8 27.g3 Bg5 28.h4 
Be3+ 29.Kh2 Bd4 30.h5 Rxe4 31.Qxe4 Ne5 32.d7 g6 33.hxg6 hxg6 34.Qf4 Nxf7 
35.Qxf7 Be5 36.Rh1 1-0

[Event "2nd EUR-ch (w)"]
[Site "Warsaw POL"]
[Date "2001.05.03"]
[Round "11.16"]
[White "Kosintseva, Nadezhda"]
[Black "Galianina-Ryanova, Yulia"]
[Result "0-1"]
[WhiteElo "2289"]
[BlackElo "2389"]
[EventDate "2001.04.21"]
[PlyCount "98"]

1.e4 c5 2.Nc3 Nc6 3.f4 g6 4.Nf3 Bg7 5.Bc4 e6 6.e5 d5 7.exd6 Qxd6 8.Ne4 Qc7
9.O-O Nge7 10.d3 O-O 11.Qe1 Nf5 12.c3 b6 13.Bd2 Bb7 14.Qe2 Rad8 15.Rad1 
Na5 16.Bb5 Bd5 17.c4 Bb7 18.b4 Nc6 19.Bxc6 Bxc6 20.b5 Ba8 21.Bc1 h6 22.Kh1
Qb7 23.a4 a5 24.Ne5 Nd4 25.Qf2 f5 26.Nc3 Bxe5 27.fxe5 Kh7 28.Rfe1 g5 29.
Kg1 Qg7 30.Bb2 f4 31.Ba3 f3 32.g3 Rf5 33.Re3 Rdf8 34.Rde1 Nc2 35.Bb2 Nxe1 
36.Rxe1 Qd7 37.Re3 Qe8 38.h3 R5f7 39.Nb1 Rd7 40.Nd2 Qg6 41.Qf1 f2+ 42.Kh2 
h5 43.Nb3 h4 44.Nc1 Qf5 45.Bc3 Kg6 46.Ne2 Rfd8 47.Nc1 Rh8 48.Ne2 hxg3+ 49.
Rxg3 Rdh7 0-1

[Event "2nd EUR-ch (w)"]
[Site "Warsaw POL"]
[Date "2001.05.03"]
[Round "11.17"]
[White "Kiseleva, Natalia"]
[Black "Ovod, Evgenia"]
[Result "1-0"]
[WhiteElo "2296"]
[BlackElo "2383"]
[EventDate "2001.04.21"]
[PlyCount "101"]

1.d4 d5 2.c4 e6 3.Nf3 c6 4.Qc2 dxc4 5.Qxc4 Nf6 6.g3 b5 7.Qc2 Bb7 8.Bg2 
Nbd7 9.Ne5 Nxe5 10.dxe5 Nd5 11.O-O Be7 12.Qe4 h5 13.a4 a6 14.Nd2 Qc7 15.
Nb3 c5 16.axb5 axb5 17.Bd2 Rxa1 18.Rxa1 O-O 19.Rc1 c4 20.Nd4 Qd7 21.Qf3 g6
22.g4 hxg4 23.Qxg4 Kg7 24.e4 Nc7 25.Rd1 Qc8 26.Bg5 Bxg5 27.Qxg5 b4 28.Nc2 
b3 29.Ne3 Ne8 30.Rc1 Ba6 31.Nxc4 Bxc4 32.Bf1 Rh8 33.Rxc4 Qb8 34.Be2 Kf8 
35.Qg3 Qb5 36.Qc3 Kg7 37.Bg4 Rh4 38.h3 Qd7 39.Qxb3 Qd2 40.Qc3 Rxg4+ 41.
hxg4 Qd1+ 42.Kg2 Qxg4+ 43.Qg3 Qe2 44.Rb4 Qe1 45.Qc3 Qe2 46.Rd4 Kg8 47.b4 
Ng7 48.Qf3 Qc2 49.Rd7 Kh8 50.Rxf7 Nh5 51.Ra7 1-0

[Event "2nd EUR-ch (w)"]
[Site "Warsaw POL"]
[Date "2001.05.03"]
[Round "11.20"]
[White "Dworakowska, Joanna"]
[Black "Olarasu, Gabriela"]
[Result "1-0"]
[WhiteElo "2360"]
[BlackElo "2278"]
[EventDate "2001.04.21"]
[PlyCount "99"]

1.e4 e5 2.Nf3 Nc6 3.d4 exd4 4.Nxd4 Bc5 5.Be3 Qf6 6.c3 Nge7 7.g3 d5 8.Bg2 
dxe4 9.Nd2 Bxd4 10.cxd4 Nd5 11.Nxe4 Qe7 12.Qb3 Qb4+ 13.Qxb4 Ncxb4 14.Kd2 
O-O 15.Nc3 Nb6 16.b3 Rd8 17.Rad1 Bg4 18.Bxb7 Rab8 19.f3 Bh3 20.Be4 f5 21.
Bb1 Bg2 22.Rhg1 Bxf3 23.Rdf1 Be4 24.Nxe4 fxe4 25.Rc1 N6d5 26.Rge1 Rb6 27.
Bg1 e3+ 28.Bxe3 Nxe3 29.Kxe3 Rbd6 30.Kf2 Rf8+ 31.Kg1 c6 32.Rc4 Nd5 33.Be4 
Nb6 34.Rxc6 Rxd4 35.Bb1 Nd5 36.Rd6 Rf6 37.Rd8+ Rf8 38.Bxh7+ Kxh7 39.Rxf8 
Nf6 40.Rxf6 gxf6 41.Re7+ Kg6 42.Rxa7 Rd2 43.Ra4 Kf7 44.g4 Kg6 45.Ra5 Rb2 
46.h4 Kh6 47.Ra6 Kg7 48.g5 f5 49.h5 f4 50.h6+ 1-0

[Event "2nd EUR-ch (w)"]
[Site "Warsaw POL"]
[Date "2001.05.03"]
[Round "11.21"]
[White "Socko, Monika"]
[Black "Medic, Mirjana"]
[Result "1-0"]
[WhiteElo "2351"]
[BlackElo "2274"]
[EventDate "2001.04.21"]
[PlyCount "171"]

1.d4 e6 2.c4 Nf6 3.Nc3 Bb4 4.Qc2 c5 5.dxc5 O-O 6.a3 Bxc5 7.Nf3 b6 8.b4 Be7
9.e3 Bb7 10.Be2 d6 11.O-O Nbd7 12.Bb2 Rc8 13.Qb3 Qc7 14.Rac1 Qb8 15.Rfd1 
Rfd8 16.Rd4 d5 17.Rcd1 dxc4 18.Bxc4 Bxf3 19.gxf3 Ne5 20.Be2 Rxd4 21.Rxd4 
Nc6 22.Rd2 Qe5 23.Ne4 Qf5 24.Ng3 Qg5 25.Rc2 Bf8 26.f4 Qd5 27.Qxd5 Nxd5 28.
f5 Nce7 29.Rxc8 Nxc8 30.fxe6 fxe6 31.Ne4 h6 32.b5 Kf7 33.Nd2 Nd6 34.Bd3 
Nc7 35.a4 Nd5 36.Nf3 Nc8 37.Ne5+ Kg8 38.Bg6 Nc7 39.Bf7+ Kh7 40.Ng6 Bd6 41.
e4 a6 42.e5 Bb4 43.bxa6 Nxa6 44.Bxe6 Kxg6 45.Bxc8 Nc5 46.Bd4 Nxa4 47.Bd7 
Nc3 48.Bxb6 Nd5 49.Bd4 Nf4 50.Kf1 Kf7 51.f3 Ke7 52.Bb5 Ke6 53.Bc4+ Kf5 54.
Kf2 g5 55.Ba6 Ke6 56.Ke3 Kf5 57.Bc8+ Kg6 58.Ke4 Ne2 59.Bb2 Nc3+ 60.Kd4 
Ne2+ 61.Kc4 Bf8 62.Kd5 Nf4+ 63.Kc6 Kf7 64.Ba6 Ke6 65.Bc8+ Kf7 66.Bf5 Ne6 
67.Kd5 Nf4+ 68.Ke4 Bc5 69.Bc8 Ng6 70.Ba6 Ke7 71.Kd5 Bb4 72.Kc4 Bd2 73.h3 
Nf4 74.Bc8 Be3 75.Bf5 Kf7 76.Ba3 Bb6 77.Bd6 Be3 78.Kb5 h5 79.Kc6 Ne6 80.
Kd5 Nf4+ 81.Ke4 Bb6 82.Bd7 Bd8 83.Kf5 Ng6 84.Be8+ Kxe8 85.Kxg6 h4 86.e6 
1-0

[Event "2nd EUR-ch (w)"]
[Site "Warsaw POL"]
[Date "2001.05.03"]
[Round "11.22"]
[White "Petrenko, Svetlana"]
[Black "Demina, Yulia"]
[Result "1-0"]
[WhiteElo "2336"]
[BlackElo "2350"]
[EventDate "2001.04.21"]
[PlyCount "217"]

1.e4 c5 2.Nf3 Nc6 3.d4 cxd4 4.Nxd4 Nf6 5.Nc3 d6 6.Be2 g6 7.Be3 Bg7 8.O-O 
O-O 9.h3 d5 10.exd5 Nb4 11.d6 Qxd6 12.Ncb5 Qb8 13.c4 a6 14.Qb3 Nc6 15.Nxc6
bxc6 16.Nd4 Qc7 17.Qa3 Re8 18.Rad1 Rb8 19.b4 Bb7 20.Nb3 Ne4 21.Bf3 Nd6 22.
Qc1 Nf5 23.Bc5 Rbd8 24.a4 Rxd1 25.Rxd1 e5 26.a5 Qc8 27.Qd2 e4 28.Be2 e3 
29.fxe3 Bh6 30.Bg4 Qe6 31.Bxf5 gxf5 32.Qd7 Bc8 33.Qxe6 Bxe6 34.Rd6 Rc8 35.
Kf2 Bf8 36.Rd4 Bg7 37.Rf4 Be5 38.Rf3 Bxc4 39.Rxf5 Bxb3 40.Rxe5 h6 41.g4 
Kh7 42.Re7 Kg6 43.e4 h5 44.Kg3 hxg4 45.hxg4 Bc4 46.Rd7 Re8 47.Kf4 Re6 48.
Rd8 f6 49.Rd4 Ba2 50.Rd1 Bb3 51.Rd2 Re8 52.Bb6 Re6 53.Bd8 Re8 54.Bb6 Re6 
55.Bc7 Re8 56.Rb2 Bc4 57.Rd2 Bb3 58.Kf3 Re6 59.Bf4 Re7 60.Be3 Re6 61.Rh2 
Kg7 62.Bd4 Kg6 63.Rd2 Bc4 64.Rd1 Rd6 65.Ke3 Re6 66.Bc5 Kg5 67.Kf3 Kg6 68.
Rd7 Re8 69.Kf4 Bb3 70.Rc7 Ba4 71.Ra7 Bb5 72.Ke3 Kg5 73.Rg7+ Kh6 74.Rd7 Kg5
75.Kf3 Bc4 76.Rg7+ Kh6 77.Rd7 Kg5 78.Rd6 Re6 79.Rd8 Kg6 80.Kf4 Bb3 81.Bd6 
Bc2 82.e5 fxe5+ 83.Bxe5 Kf7 84.Rd7+ Re7 85.Rd2 Bb1 86.Rd1 Bg6 87.Rd6 Re6 
88.Rd8 Re8 89.Rd1 Re7 90.Rf1 Bd3 91.Rf3 Rd7 92.Ke3+ Ke6 93.Bd4 Bh7 94.Rf6+
Kd5 95.Bc5 Bb1 96.g5 Rd8 97.Kf4 Bd3 98.g6 Rg8 99.Kg5 Be4 100.Rd6+ Ke5 101.
Kh6 Rh8+ 102.Kg7 Rh5 103.Rf6 Rg5 104.Bd6+ Kd5 105.Be7 Rg2 106.Kf7 Ke5 107.
Re6+ Kd5 108.Rxe4 Rf2+ 109.Bf6 1-0